Guía de aprendizaje: Microsoft Access 2002
Guardat en:
| Autor principal: | |
|---|---|
| Format: | Llibre |
| Idioma: | espanyol |
| Publicat: |
Madrid, España
Pearson Educación
2001
|
| Col·lecció: | Guía de Aprendizaje
|
| Matèries: | |
| Etiquetes: |
Afegir etiqueta
Sense etiquetes, Sigues el primer a etiquetar aquest registre!
|
MARC
| LEADER | 00000nam a2200000 a 4500 | ||
|---|---|---|---|
| 001 | UCL5242 | ||
| 003 | CL-VaPUC | ||
| 005 | 20220105074327.0 | ||
| 008 | 040305e20010000SP |||||||||||||||||spa|d | ||
| 999 | |c 307887 |d 307885 | ||
| 020 | |a 8420532452 | ||
| 040 | |c Pontificia Universidad Católica de Valparaíso | ||
| 082 | 0 | 4 | |a 005.369 CAÑ 2001 |2 21 |
| 100 | 0 | |a Cañizares, Carmen |e autor |9 482975 | |
| 245 | 1 | 0 | |a Guía de aprendizaje: Microsoft Access 2002 |
| 260 | 0 | 3 | |a Madrid, España |b Pearson Educación |c 2001 |
| 300 | |a 268 páginas | ||
| 490 | 0 | |a Guía de Aprendizaje | |
| 583 | |a last modification |c 20040305 00:00:00 |k Rodrigo Vera | ||
| 650 | 0 | |a Access 2002 |9 481230 | |
| 650 | 0 | |a Bases de datos |9 260577 | |
| 650 | 0 | |a Diseño de bases de datos |9 384787 | |
| 650 | 0 | |a Software |9 387312 | |
| 942 | |c BK |2 ddc | ||
| 945 | |d 20040305 00:00:00 |a cmena | ||
| 952 | |0 0 |1 0 |2 ddc |4 0 |6 005_369000000000000_CAÑ_2001 |7 0 |8 A |9 374040 |a BIBGIM |b BIBGIM |d 2019-11-21 |i 3987647 |o 005.369 CAÑ 2001 |p 3987647 |r 2025-01-15 |t 1 |w 2019-11-21 |y BK |k EST | ||
| 952 | |0 0 |1 0 |2 ddc |4 0 |6 005_369000000000000_CAÑ_2001 |7 0 |8 A |9 374041 |a BIBGIM |b BIBGIM |d 2019-11-21 |i 3987663 |o 005.369 CAÑ 2001 |p 3987663 |r 2025-01-15 |t 3 |w 2019-11-21 |y BK |k EST | ||
| 952 | |0 0 |1 0 |2 ddc |4 0 |6 005_369000000000000_CAÑ_2001 |7 0 |8 A |9 374042 |a BIBGIM |b BIBGIM |d 2019-11-21 |i 3987655 |o 005.369 CAÑ 2001 |p 3987655 |r 2025-01-15 |t 2 |w 2019-11-21 |y BK |k EST | ||